000
00183nam a2200085Ia 4500
008
120527s9999 xx 000 0 und d
100
_a
COLANDER, D.C
245
_a
Economics
942
_c
BK
999
_c
25483
_d
25483